| 000 | 00896nam a2200253Ia 4500 | ||
|---|---|---|---|
| 003 | OSt | ||
| 005 | 20221005111911.0 | ||
| 006 | a|||||r|||| 00| 0 | ||
| 007 | ta | ||
| 008 | 221004b |||||||| |||| 00| 0 hin d | ||
| 024 | _a32680 | ||
| 037 | _cTextual | ||
| 040 |
_aCRL _cCRL _bhin |
||
| 041 |
_2hin _ahin |
||
| 082 | _aO15,3D20,1, 152M5 | ||
| 100 | _aशर्मा, विष्णु | ||
| 245 | 0 | _aपन्चतन्त्रम् संपादक रामचन्द्र झा | |
| 246 | _aPanchatantram sanpādak rāmachandra zā | ||
| 260 |
_aवाराणसी _bचौखम्बा विद्याभवन भारत _c1985 |
||
| 300 |
_a678पृ. _ccm. |
||
| 650 | _aसंस्कृत साहित्य | ||
| 942 |
_hO15,3D20,1, 152M5 _cTEXL _2cc |
||
| 999 |
_c1023240 _d1023240 |
||